Report of the interdepartmental commission of Enquiry on Oriental, Slavonic East European and African Studies (Record no. 416667)

000 -LEADER
fixed length control field 00459cam a22001097a 4500
008 - FIXED-LENGTH DATA ELEMENTS--GENERAL INFORMATION
fixed length control field 180718b1947 xxu||||| |||| 00| 0 eng d
082 ## - DEWEY DECIMAL CLASSIFICATION NUMBER
Classification number P5421 Un3i
245 ## - TITLE STATEMENT
Title Report of the interdepartmental commission of Enquiry on Oriental, Slavonic East European and African Studies
Statement of responsibility, etc. by Her Majesty's Stationery Office, United States
260 ## - PUBLICATION, DISTRIBUTION, ETC.
Place of publication, distribution, etc. London
Name of publisher, distributor, etc. Her Majesty's Stationery Office
Date of publication, distribution, etc. 1947
300 ## - PHYSICAL DESCRIPTION
Extent 192p
700 ## - ADDED ENTRY--PERSONAL NAME
Personal name United States. Her Majesty's Stationery Office
Holdings
Withdrawn status Lost status Damaged status Not for loan Permanent Location Current Location Date acquired Full call number Barcode Date last seen Price effective from Koha item type
        Indian Institute of Public Administration Indian Institute of Public Administration 2009-03-18 P5421 Un3i 18267 2018-07-21 2018-07-21 Book

Powered by Koha